000 00324nam a2200145Ia 4500
008 221030s9999 xx 000 0 und d
041 _aEnglish
082 _a105.23
_bKos
100 _aI. L Kosow
245 0 _aCircuit Analysis
260 _bJohn Wiley & Sons
_aNew York
_c1988
300 _a812
650 _aEE
942 _cBK
999 _c978
_d978